Normal view
MARC view
- الحاسبات الإلكترونية -- قوانين وتشريعات -- الإنترنت -- قوانين وتشريعات -- جرائم الحاسبات الإلكترونية -- التفتيش الجنائي -- القانون الجنائي المقارن
Entry Topical Term
001 - CONTROL NUMBER
- control field: 46513
003 - CONTROL NUMBER IDENTIFIER
- control field: JO-AjAnu
005 - DATE AND TIME OF LATEST TRANSACTION
- control field: 20230606081703.0
008 - FIXED-LENGTH DATA ELEMENTS
- fixed length control field: 230606|| aca||aabn | a|a d
040 ## - CATALOGING SOURCE
- Original cataloging agency: JO-AjAnu
- Transcribing agency: JO-AjAnu
150 ## - HEADING--TOPICAL TERM
- Topical term or geographic name entry element: الحاسبات الإلكترونية -- قوانين وتشريعات -- الإنترنت -- قوانين وتشريعات -- جرائم الحاسبات الإلكترونية -- التفتيش الجنائي -- القانون الجنائي المقارن
670 ## - SOURCE DATA FOUND
- Source citation: Work cat.: (JO-AjAnu)23809: الطوالبة، علي حسن محمد , author 46512, التفتيش الجنائي على نظم الحاسوب والإنترنت " دراسة مقارنة "